Come Back Buddy (Record no. 333123)
[ view plain ]
| 000 -LEADER | |
|---|---|
| fixed length control field | 00473nam a2200097Ia 4500 |
| 008 - FIXED-LENGTH DATA ELEMENTS--GENERAL INFORMATION | |
| fixed length control field | 170517s9999 xx 000 0 und d |
| 245 ## - TITLE STATEMENT | |
| Title | Come Back Buddy |
| 300 ## - PHYSICAL DESCRIPTION | |
| Extent | Experience the rocking sensation known as Come Back Buddy in this feature length documentary about the band. Follow the band as they play various gigs, travel the road and keep the spirit of oldies music alive! Come Back Buddy... |
| 650 ## - SUBJECT ADDED ENTRY--TOPICAL TERM | |
| General subdivision | Art. |
| 856 ## - ELECTRONIC LOCATION AND ACCESS | |
| Uniform Resource Identifier | <a href="http://topdocumentaryfilms.com/come-back-buddy/">http://topdocumentaryfilms.com/come-back-buddy/</a> |
| Withdrawn status | Lost status | Damaged status | Home library | Current library | Date acquired | Total Checkouts | Date last seen | Price effective from | Koha item type |
|---|---|---|---|---|---|---|---|---|---|
| College Library | College Library | 05/17/2017 | 05/17/2017 | 05/17/2017 | Documentary Films |